1115 1676 1365 1055 1932 1581 1492 1344 1593 1363 1000 1059 1603 1805 1149 1490 1132 1241 1407 1603 1323 1078 1727 1987 1942 1760 1602 1515 1025 1749 1367 1440 1406 1998 1980 1152 1786 1117 1654 1832 1453 1538 1410 1259 1372 1611 1248 1239 1734 1468 1839 1014 1851 1136 1235 1100 1559 1743 1691 1404 1009 1803 1066 1912 1279 1513 2000 1742 1660 1355 1846 1583 1093 1373 1327 1848 1793 1594 1692 1660 1885 1089 1700 1735 1710 1254 1545 1960 1162 1423 1109 1826 1920 1761 1926 1583 1593 1695 1503 BCNSPRNW ULIB Ver.6.0+V

เปลี่ยนเป็นภาษาไทย

Change to English
 แสดงรายละเอียดบรรณานุกรม
  กลับหน้าหลัก

Brief Record : Get Marc (ISO 2709) : E-mail record : QR code < ปิดหน้าต่าง
LEADER : 00000nam 2200000uu 4500
001    13399112063
003     ULIB
008    110627s2553||||th 000 0 tha d
020    9786169015369
090    นว.^bไม่พบรหัส 2553
100 0  Aimee, Friedman
245 00 คลื่นรติกาล/^cAimee, Friedman
250    พิมพ์ครั้งที่ 1
260    กรุงเทพฯ :^bปราชญ์เปรียว,^c2553
300    300 หน้า
710 1  ปราชญ์เปรียว
945    ^p250^l0^i028021
995    ทศพร
999 ^a ใช้งานได้ทุกระบบ
รายการนี้ยังไม่มีแท็ก
คุณยังไม่ได้ล็อกอิน คุณสามารถมีกิจกรรมร่วมกับเว็บไซต์ได้ แต่ต้องล็อกอินก่อน ::
  ล็อกอิน

รายการสื่อสารสนเทศ

ลำดับที่ ประเภท เลขเรียก/บาร์โค้ด สถานที่ สถานะ
- ไม่พบข้อมูล -

BibComment


ยังไม่เคยถูกคอมเมนท์

คอมเมนท์ทรัพยากรรายการนี้
  คอมเมนท์: คลื่นรติกาล Aimee..


 Copyright 2026. Bcnsprnw @Library